000 00576nam a22001697a 4500
020 _qHard Cover.
082 _a200
100 _aAfzal, Mehreen
245 _aAlgebraic Cryptanalysis of Stream Ciphers with Non-linear Update /
_cMehreen Afzal.
260 _aIslamabad:
_bMCS - NUST,
_c2010.
300 _a119 p.: ill,;
_c30cm.
650 _aPh.D-Information Security .
_9124437
700 _aSupervisor:Dr. Ashraf Masood
_9124438
856 _uhttp://10.250.8.41:8080/xmlui/handle/123456789/3677
942 _2ddc
_cSC
999 _c529399
_d529399